Domestic electrical installations and the new Part P (Record no. 118496)
[ view plain ]
| 000 -LEADER | |
|---|---|
| fixed length control field | 01283cam a2200241 4500 |
| 001 - CONTROL NUMBER | |
| control field | ABS68609 |
| 008 - FIXED-LENGTH DATA ELEMENTS--GENERAL INFORMATION | |
| fixed length control field | 050128n2005 000 0 eng u |
| 035 ## - SYSTEM CONTROL NUMBER | |
| System control number | (Sirsi) u128668 |
| 100 ## - MAIN ENTRY--PERSONAL NAME | |
| Personal name | Ives, P. |
| 245 ## - TITLE STATEMENT | |
| Title | Domestic electrical installations and the new Part P |
| 260 ## - PUBLICATION, DISTRIBUTION, ETC. | |
| Date of publication, distribution, etc. | 2005 |
| 490 ## - SERIES STATEMENT | |
| Series statement | Letting Update Journal |
| Volume/sequential designation | 12(4) 12 January 2005, 14-16(3) |
| 520 ## - SUMMARY, ETC. | |
| Summary, etc. | Gives advice to property managers on a new law which came into effect on 1 January 2005 and will require all but minor work to be carried out by a government approved competent person. This is reflected in the the new part of the Building Regulations, Part P. All proposed electrical installation work in dwellings will need to be notified to a building control body before work commences with some exceptions such as when the proposed work is undertaken by a prescribed competent person. Part P will be enforced by local authorities with failure to comply a legal offence. |
| 590 ## - LOCAL NOTE (RLIN) | |
| Local note | ABS |
| 590 ## - LOCAL NOTE (RLIN) | |
| Local note | ABS |
| 650 ## - SUBJECT ADDED ENTRY--TOPICAL TERM | |
| Topical term or geographic name entry element | BUILDING REGULATIONS 2000 APPROVED DOCUMENT P (2005 EDITION) |
| 650 ## - SUBJECT ADDED ENTRY--TOPICAL TERM | |
| Topical term or geographic name entry element | ELECTRICAL WORKS |
| 650 ## - SUBJECT ADDED ENTRY--TOPICAL TERM | |
| Topical term or geographic name entry element | ELECTRICAL INSTALLATIONS |
| 650 ## - SUBJECT ADDED ENTRY--TOPICAL TERM | |
| Topical term or geographic name entry element | BS 7671: 2001 |
| 650 ## - SUBJECT ADDED ENTRY--TOPICAL TERM | |
| Topical term or geographic name entry element | BUILDING CONTROL |
| 9 (RLIN) | 6222 |
| 690 ## - LOCAL SUBJECT ADDED ENTRY--TOPICAL TERM (OCLC, RLIN) | |
| Topical term or geographic name as entry element | BUILDING AND CONSTRUCTION-REGULATION AND CONTROL |
| 942 ## - ADDED ENTRY ELEMENTS (KOHA) | |
| Suppress in OPAC | 0 |
| Withdrawn status | Lost status | Source of classification or shelving scheme | Damaged status | Not for loan | Home library | Current library | Shelving location | Date acquired | Total Checkouts | Full call number | Barcode | Date last seen | Copy number | Price effective from | Koha item type |
|---|---|---|---|---|---|---|---|---|---|---|---|---|---|---|---|
| Dewey Decimal Classification | London | London | Journal article | 28/01/2005 | ABS68609 | 128668-1001 | 06/08/2019 | 1 | 06/08/2019 | Journal article |